000 00721nam a2200253Ia 4500
003 OSt
005 20221005093831.0
006 a|||||r|||| 00| 0
007 ta
008 221004b |||||||| |||| 00| 0 eng d
024 _a69731
037 _cTextual
040 _aCRL
_cCRL
_beng
041 _2eng
_aeng
082 _aX8(F).3'N9, N1
100 _aCastells Manuel
245 0 _aInformation city
_b Information technology, economic restructuring and the urban-regional process
260 _aOxford
_bBasil Blackwell UK
_c1991
300 _a402p.
_ccm.
650 _a ECONOMICS
650 _aINDUSTRIES
942 _hX8(F).3'N9, N1
_cTEXL
_2cc
999 _c1001001
_d1001001